Personnages de films de A à Z en images - Statistiques

Statistiques générales
  • Ce quiz a été pris 3 270 fois
    2 602 depuis la dernière actualisation
  • Le résultat moyen est 14 sur 26
Statistiques - réponses
Par images Hint Réponse % Correct
B Barbie
98%
Z Zorro
94%
Y Yoda
93%
D Drago Malefoy
92%
F Forrest Gump
91%
R Rose DeWitt Bukater
82%
K Kevin McCallister
74%
M Marty McFly
72%
C Cyrano de Bergerac
65%
W Willy Wonka
56%
A Aragorn
55%
G Godefroy de Montmirail
53%
N Norbert Dragonneau
48%
S Sarah Connor
44%
E Elliott
42%
O Otis
42%
P Pierre, le guérissologue
38%
J John McClane
32%
T Trinity
32%
Q Qui-Gon Jinn
31%
V Vincent Vega
30%
I Ivan Drago
29%
L Leeloo
29%
U Ulysse
28%
H Harpagon
21%
X Xerxes
16%
Aucun quiz correspondant
Distribution des résultats
% des personnes avec chaque résultat
Percentile par nombre de réponses
Votre historique - résultats
Vous n’avez pas pris ce quiz depuis la dernière actualisation